000 00215nam a2200085Ia 4500
245 0 _aRARE AND THE LOVELY
100 _a BLAKE, Michael 1969
_9100322
942 _cBK
008 210818s9999 xx 000 0 und d
999 _c429901
_d429900